00674nam a2200241 a 4500001001300000003000900013005001700022008004100039020001000080082001500090100001800105245002700123260002800150300000900178500003500187505002000222650002400242700001800266902000800284942000700292952011600299999001700415nice12345678IN_TiNIC20260116014841.0080108s1997 dela grp 000 0 eng  ac35000a907.2bMUN aMunslow, Alun aDeconstructing History aDelhi bRoutledgec1997 a248p aincludes index and biblioraphy2 aGlossary, Index aHistory-Methodology1 aMunslow, Alun bSRS cBK 001040708StackRoom-aHMIbHMId2008-01-08g350.00l0o907.2 MUNp022208r2008-01-08v350.00w2008-01-08yBK c17261d17261